Linear algebra and its applications : Study guide (Record no. 7971)
[ view plain ]
| 000 -LEADER | |
|---|---|
| fixed length control field | 00479 a2200181 4500 |
| 020 ## - INTERNATIONAL STANDARD BOOK NUMBER | |
| International Standard Book Number | 0201347741 |
| 040 ## - CATALOGING SOURCE | |
| Original cataloging agency | Library of Congress |
| Language of cataloging | English |
| 082 ## - DEWEY DECIMAL CLASSIFICATION NUMBER | |
| Classification number | 512.5 |
| 100 1# - MAIN ENTRY--PERSONAL NAME | |
| Personal name | Lay, David C. |
| 245 00 - TITLE STATEMENT | |
| Title | Linear algebra and its applications : Study guide |
| 250 ## - EDITION STATEMENT | |
| Edition statement | 2nd |
| 260 ## - PUBLICATION, DISTRIBUTION, ETC. | |
| Place of publication, distribution, etc. | Reading, Mass. : |
| Name of publisher, distributor, etc. | Addison-Wesley, |
| Date of publication, distribution, etc. | Cop. 2000 |
| 300 ## - PHYSICAL DESCRIPTION | |
| Extent | x, ca 300 s. |
| 650 #7 - SUBJECT ADDED ENTRY--TOPICAL TERM | |
| Topical term or geographic name entry element | Algebras, Linear |
| 650 #7 - SUBJECT ADDED ENTRY--TOPICAL TERM | |
| Topical term or geographic name entry element | Linjr algebra |
| 740 0# - ADDED ENTRY--UNCONTROLLED RELATED/ANALYTICAL TITLE | |
| Uncontrolled related/analytical title | Study guide |
| 942 ## - ADDED ENTRY ELEMENTS (KOHA) | |
| Koha item type | Book |
| Call number prefix | 512.5 LAY |
| Source of classification or shelving scheme | |
| Withdrawn status | Lost status | Damaged status | Not for loan | Collection code | Permanent Location | Current Location | Shelving location | Date acquired | Source of acquisition | Cost, normal purchase price | Total Checkouts | Total Renewals | Full call number | Barcode | Date last seen | Date last checked out | Price effective from | Koha item type | Checked out |
|---|---|---|---|---|---|---|---|---|---|---|---|---|---|---|---|---|---|---|---|
| Central Library (CL) | Central Library (CL) | General Stacks | 11/30/2000 | Oxford University Press | 474.30 | 9 | 9 | 512.5 LAY | SEECS000412 | 07/14/2025 | 08/13/2024 | 01/05/2017 | Book | ||||||
| Central Library (CL) | Central Library (CL) | General Stacks | 11/30/2000 | Oxford University Press | 474.30 | 13 | 13 | 512.5 LAY | SEECS000414 | 04/14/2026 | 04/14/2026 | 01/05/2017 | Book | 05/14/2026 |
